01620cam a22003855a 4500001001000000003000400010005001700014008004100031015001900072016001800091020001800109020001500127035002100142035002100163040004400184042001000228082002400238100002600262245005600288260004500344300003600389500019300425500002400618504003100642650005500673650005300728651001000781653002500791653002500816856005800841942002800899999001700927952014500944952014501089017396242OSt20161120104800.0141117s2015 my a frbd 001 0 eng d aGBB5760222bnb7 a0173962422Uk a9789834714055 a983471405X a(UkOxU)020330962 a(OCoLC)898354378 aMYNLMbengcMYNLMdEG-ScBUE dEG-ScBUE  aukscp04a332.088297bHAS2231 aHasan, Zubair.94069810aEconomics with Islamic orientation /cZubair Hasan. aOxford :bOxford Universty Press,c2015. axxxiv, 686 p. :bill. ;c26 cm. a"The book combines the material of two earlier texts of the author--Macroeconomics (2009) and Fundamentals of Microeconomics (2011). The material has been refined and updated"--Back cover. aIndex : p. 670-686. aBibliography : p. 667-669. 7aEconomicsxReligious aspectsxIslam.2BUEsh933913 7aFinancexReligious aspectsxIslam.2BUEsh928658 2BUEsh bBUSADMcAugust 2016  bBUSECOcNovember2016 uhttp://cw.oxfordfajar.com.my/econsyCompanion website 2ddce22k332.088297 HAS c22146d22118 00102ddc40708BaccahaMAINbMAINc1STd2016-08-09ePurchaseg165.00h25846l0o332.088297 HASp000033135r2025-07-15 00:00:00v206.25yBB 00102ddc40708BaccahaMAINbMAINc1STd2016-11-10ePurchaseg165.00h25140l0o332.088297 HASp000045102r2025-07-15 00:00:00v206.25yBB